000 00499nam a2200145Ia 4500
008 090124s9999 xx 000 0 und d
082 _b33324
245 _a तेव्हा आणि आता ( लेखसंग्रह )
250 _a1
260 _bओक संजीव
_c2005
300 _a86
630 _a तेव्हा आणि आता ( लेखसंग्रह )
730 _a तेव्हा आणि आता ( लेखसंग्रह )
942 _cBOOK
999 _c180845
_d180845